Información sobre la ruta 1. (Registro nro. 437044)
[ vista simple ]
| 000 -LÍDER | |
|---|---|
| Campo fijo de descripción fija | 00629nam a22002297a 4500 |
| 003 - IDENTIFICADOR DEL NÚMERO DE CONTROL | |
| Campo de control | BCEG |
| 005 - FECHA Y HORA DE LA ULTIMA TRANSACCIÓN | |
| control field | 20260122113028.0 |
| 008 - ELEMENTOS DE LONGITUD FIJA -- INFORMACIÓN GENERAL | |
| Campo fijo de descripción fija -- Información general | 260122s1987 sp|||||| |||| 00| 0 spa d |
| 020 ## - ISBN | |
| Isbn | 8434548437 |
| 040 ## - FUENTE DE CATALOGACIÓN | |
| Agencia de catalogación original | BCEG |
| Idioma de catalogación | spa |
| Agencia que realiza la transcripción | BCEG |
| 082 04 - NÚMERO DE CLASIFICACIÓN DECIMAL DEWEY | |
| Número de clasificación | U863.4 |
| Clave de autor-Numero de item | C761i |
| 100 1# - ASIENTO PRINCIPAL--NOMBRE PERSONAL | |
| Nombre del autor personal | Conteris, Hiber, |
| Fechas asociadas con el nombre | 1933-2020. |
| 245 10 - TÍTULO PROPIAMENTE DICHO | |
| Título | Información sobre la ruta 1. |
| 246 12 - FORMA VARIANTE DEL TITULO | |
| Título propiamente dicho/forma breve del título | Información sobre la ruta uno. |
| 260 ## - PUBLICACIÓN, DISTRIBUCIÓN, ETC. (PIE DE IMPRENTA) | |
| Lugar de publicación, distribución, etc. | Navarra, España : |
| Nombre del editor, distribuidor, etc. | Salvat, |
| Fecha de publicación, distribución, etc. | 1987. |
| 300 ## - DESCRIPCIÓN FÍSICA | |
| Extensión | 256 p. |
| 490 ## - MENCIÓN DE SERIE | |
| Mención de serie | Letras de Oro. |
| 541 ## - NOTA DE FUENTE INMEDIATA DE ADQUISICIÓN | |
| Nota de fuente de adquisición | Donación. |
| 586 ## - NOTA DE PREMIOS | |
| Nota de premios | Premio "Letras de Oro", Cuento, 1986-1987. |
| 650 14 - ASIENTO SECUNDARIO DE MATERIA - TERMINO TEMÁTICO | |
| Término temático o nombre geográfico como elemento de entrada | Cuentos uruguayos. |
| 942 ## - TIPO DE MATERIAL (KOHA) | |
| Tipo de Item KOHA | Libro |
| No para Préstamo | Colección | Biblioteca de Origen | Biblioteca Permanente | Fecha de Adquisición | Fuente de Adquisicion | Total de Préstamos | Signatura Topográfica | Código de Barras | Última vez visto | Tipo de Material |
|---|---|---|---|---|---|---|---|---|---|---|
| Material en Reserva | General | Biblioteca Central Estatal de Guanajuato, "Wigberto Jiménez Moreno" | Biblioteca Central Estatal de Guanajuato, "Wigberto Jiménez Moreno" | 22/01/2026 | DONAD | U863.4 C761i | BCEG8655230809 | 22/01/2026 | Libro |